Statistics for U.S. States By Picture (Easy)

Click here to take the quiz!

General Stats

  • This quiz has been taken 65 times
  • The average score is 8 of 15

Answer Stats

Answer% Correct
California
100%
New York
100%
Florida
96%
Washington
81%
Missouri
80%
Texas
76%
Illinois
54%
Massachusetts
50%
Utah
33%
Colorado
17%
North Carolina
17%
Pennsylvania
17%
Wisconsin
13%
Ohio
11%
South Carolina
9%

Score Distribution

Percentile by Number Answered

Percent of People with Each Score

Your Score History

You have not taken this quiz